000 00793nas a2200241 4500
001 BR9406008
003 BR-BrBNA
005 20231205093741.0
007 ta
008 230509b bl.|||p| |||| 00| 00por d
040 _aBR-BrBNA
_bpor
_cBiblioteca Nacional de Agricultura
041 _a(Pt)
072 _aL52; U10
100 1 _aKroll, L.B.
100 1 _aTornero, M.T.T.
245 1 _aModelo de Gompertz com sazonalidade e autocorrelacao nos erros para ajuste do crescimento ponderal em vaca leiteira
650 _aVaca Leiteira
650 _aCurva de Crescimento
650 _aModelo Matematico
773 0 _tPesquisa Agropecuaria Brasileira (Brazil)
_xISSN 0100-204X
_g(May 1994), v. 29(5) p. 707-711
_wBR9406008
909 _a202311
_bLúcia
_c55
_dLúcia Elande
942 _2AGRIS
_n0
_cANA
999 _c140212
_d140212